LIBRARY & INFORMATION CENTRE, KCAET, TAVANUR

ONLINE PUBLIC ACCESS CATALOGUE (OPAC)

Communism and communists / (Record no. 2258)

MARC details
000 -LEADER
fixed length control field 00380cam a2200169ua 4500
041 ## - LANGUAGE CODE
Language code of text/sound track or separate title eng
082 ## - DEWEY DECIMAL CLASSIFICATION NUMBER
Classification number 320.58
Item number GAN/Co
100 ## - MAIN ENTRY--AUTHOR NAME
Personal name Gandhi , M k .
245 ## - TITLE STATEMENT
Title Communism and communists /
260 ## - PUBLICATION, DISTRIBUTION, ETC. (IMPRINT)
Place of publication :
Name of publisher Navajivan ,
Year of publication 1959.
300 ## - PHYSICAL DESCRIPTION
Number of Pages 23 ; .
942 ## - ADDED ENTRY ELEMENTS (KOHA)
Koha item type Books
Holdings
Withdrawn status Lost status Damaged status Home library Current library Date acquired Full call number Accession Number Koha item type
Withdrawn   Damaged KAUAET   07/04/2012 320.58 2305 Books
free website counter